| 000 | 01603cam a2200349 a 4500 | ||
|---|---|---|---|
| 001 | 14751951 | ||
| 005 | 20080131202208.0 | ||
| 008 | 070228s2007 nyua b 001 0 eng | ||
| 010 | _a2007008558 | ||
| 020 | _a9780521881210 (hardback) | ||
| 020 | _a0521881218 (hardback) | ||
| 035 | _a(OCoLC)ocm85692899 | ||
| 035 | _a(OCoLC)85692899 | ||
| 040 |
_aDLC _cDLC _dYDX _dBAKER _dBTCTA _dYDXCP _dDLC |
||
| 050 | 0 | 0 |
_aTS213 _b.H66 2007 |
| 082 | 0 | 0 |
_a671.3 _222 _bHOS |
| 100 | 1 |
_aHosford, William F. _95523 |
|
| 245 | 1 | 0 |
_aMetal Forming : _bMechanics and Metallurgy / _cWilliam F. Hosford, Robert M. Caddell. |
| 250 | _a3rd ed. | ||
| 260 |
_aNew York, NY : _bCambridge University Press, _cc2007. |
||
| 300 |
_axiii, 312 p. : _bill. ; _c27 cm. |
||
| 504 | _aIncludes bibliographical references and index. | ||
| 650 | 0 |
_aMetal-work. _95524 |
|
| 650 | 0 |
_aDeformations (Mechanics) _95525 |
|
| 700 | 1 |
_aCaddell, Robert M. _95526 |
|
| 856 | 4 | 1 |
_3Table of contents only _uhttp://www.loc.gov/catdir/toc/ecip0712/2007008558.html |
| 856 | 4 | 2 |
_3Contributor biographical information _uhttp://www.loc.gov/catdir/enhancements/fy0743/2007008558-b.html |
| 856 | 4 | 2 |
_3Publisher description _uhttp://www.loc.gov/catdir/enhancements/fy0743/2007008558-d.html |
| 942 |
_2ddc _cBB |
||
| 999 |
_c11667 _d11667 |
||